书目信息 |
| 题名: |
实验室化学药品的提纯方法
|
|
| 作者: | 佩林 , 阿马里戈 , 佩林 著 ;时雨 译 | |
| 分册: | ||
| 出版信息: | 北京 化学工业出版社 1987.02 |
|
| 页数: | 481页 | |
| 开本: | 26cm | |
| 丛书名: | ||
| 单 册: | ||
| 中图分类: | O6-332 | |
| 科图分类: | ||
| 主题词: | 化学实验 | |
| 电子资源: | ||
| ISBN: | ||
| 000 | 00769nam0 2200253 45 | |
| 001 | 0405200827 | |
| 005 | 20040520082004.5 | |
| 010 | @dCNY6.20 | |
| 091 | @a15063.3838 | |
| 100 | @a20040520d1987 km y0chiy0120 ea | |
| 101 | 0 | @achi |
| 105 | @a z 000yy | |
| 200 | 1 | @a实验室化学药品的提纯方法@AShi Yan Shi Hua Xue Yao Pin De Ti Chun Fang Fa@f(澳)D·D·佩林,W·L·F·阿马里戈,D·R·佩林著@F(Ao)D·D·Pei Lin,W·L·F·A Ma Li Ge,D·R·Pei Lin Zhu@g时雨译 |
| 205 | @a2版 | |
| 210 | @a北京@c化学工业出版社@d1987.02 | |
| 215 | @a481页@d26cm | |
| 606 | 0 | @a化学实验 |
| 690 | @aO6-332@v3 | |
| 701 | 0 | @a佩林@4著 |
| 701 | 0 | @a阿马里戈@4著 |
| 701 | 0 | @a佩林@4著 |
| 702 | 0 | @a时雨@AShi Yu@4译 |
| 801 | @aCN@bPftUser@c20040520 | |
| 905 | @f1@b205190@dO6-332@e202=2 | |
| 实验室化学药品的提纯方法/(澳)D·D·佩林,W·L·F·阿马里戈,D·R·佩林著/时雨译.-2版.-北京:化学工业出版社,1987.02 |
| 481页;26cm |
| ISBN :CNY6.20 |
| ● |
| 相关链接 |
|
|
|
|
正题名:实验室化学药品的提纯方法
索取号:O6-332/202=2
 
预约/预借
| 序号 | 登录号 | 条形码 | 馆藏地/架位号 | 状态 | 备注 |
| 1 | 0205190 | 000340875 | 第三借阅区/ [索取号:O6-332/202=2] | 在馆 | |
| 2 | 0205191 | 202097818 | 第二样本阅览室/ [索取号:O6-332/202=2] | 在馆 |